• Turner Joe

di Personal Name

Records bibliografici associati: 1

001 - CONTROL NUMBER

  • control field: 31076

003 - CONTROL NUMBER IDENTIFIER

  • control field: IT-RoPau

005 - DATE AND TIME OF LATEST TRANSACTION

  • control field: 20140621172918.0

008 - FIXED-LENGTH DATA ELEMENTS

  • fixed length control field: 140621|| aca||aabn | a|a d

040 ## - CATALOGING SOURCE

  • Original cataloging agency: IT-RoPau
  • Transcribing agency: IT-RoPau

100 ## - HEADING--PERSONAL NAME

  • Personal name: Turner Joe
  • Relator term: Autore musica
  • Miscellaneous information: Codice autore musica SPICS: 15797
  • Name of part/section of a work: Roll'em Pete - Cherry Red - Goin' Away Blues - Piney Brown Blues - Wee Baby Blues - Low Down Dog - Little Bittie Gal's Blues - Johnson and Turner Blues

670 ## - SOURCE DATA FOUND

  • Source citation: Work cat.: (IT-RoPau)99173: AA.VV. 794, Big Joe Turner. Gigante del blues
CREDITS: SOCIETA' SAN PAOLO Via A.Severo, 58 - ROMA (RM) & PERIODICI SAN PAOLO SRL Via Giotto, 36 MILANO & CISF Via Giotto, 36 MILANO & EDIZIONI SAN PAOLO SRL,  Piazza Soncino, 5 CINISELLO BALSAMO (MI) -- ITALY